Eye Up This Quiz Stats

Quiz Updated Nov 4, 2017

Also try: Love Your Body
Challenge
Share
Tweet
Embed
Score 0/20 Timer 03:00
2 Plays Today
% Correct
Turn a blind eye
95.3%
Eyeliner
94.9%
Eye candy
94.7%
Eyelift
94.3%
Shuteye
93.8%
Eyewitness
93.3%
Eyesight
92.8%
Eyewash
92.8%
Cockeyed
92.5%
Eyeteeth
92.5%
% Correct
Eyeglass
92.4%
Eyesore
92.3%
Keep an eye on
91.5%
Eyepopper
90.1%
Have an eye for something
89.8%
Make eyes at
89.6%
Oxeye
85.4%
Eagle eye
85.3%
Get an eyeful
83.7%
Sockeye
79.5%

You're not logged in!

Compare scores with friends on all Sporcle quizzes.
Sign Up with Email
OR
Log In

You Might Also Like...

Show Comments

Extras

Top Quizzes Today


Score Distribution

Your Account Isn't Verified!

In order to create a playlist on Sporcle, you need to verify the email address you used during registration. Go to your Sporcle Settings to finish the process.

Report this User

Report this user for behavior that violates our Community Guidelines.

Details: